Statistics for Cycling - World Tour Teams 2023

Click here to take the quiz!

General Stats

  • This quiz has been taken 192 times
  • The average score is 13 of 18

Answer Stats

Country of originTeam% Correct
United Arab EmiratesUAE Team Emirates
96%
United KingdomINEOS Grenadiers
92%
KazakhstanAstana Qazaqstan Team
91%
NetherlandsJumbo - Visma
90%
FranceAG2R Citroën Team
83%
FranceGroupama - FDJ
82%
SpainMovistar Team
82%
GermanyBORA - hansgrohe
81%
BahrainBahrain-Victorious
72%
United StatesTrek - Segafredo
71%
BelgiumAlpecin - Deceuninck
70%
FranceCofidis
65%
BelgiumSoudal - Quick Step
65%
NetherlandsTeam DSM
63%
AustraliaTeam Jayco AlUla
56%
BelgiumIntermarché - Circus - Wanty
49%
FranceTeam Arkéa Samsic
47%
United StatesEF Education - EasyPost
45%

Score Distribution

Percentile by Number Answered

Percent of People with Each Score

Your Score History

You have not taken this quiz